00740nam a2200217Ii 45000010005000000030009000050080041000140400033000550410008000880820017000961000034001132450040001472640038001873000012002253360026002373370028002633380027002919400050003189990017003689520137003858756CO-ViMGA241108s9999||||xx |||||||||||||| ||und|| aCO-ViMGAbspaerdacCO-ViMGA0 aspa04a070.449 M7171 aHumberto Molano Molina94797010aDiez años en la columna 1979-1989 1aBogotá, Colombia : Feriva, 1989 avolumen atextbtxt2rdacontent aunmediatedbn2rdamedia avolumebnc2rdacarrier aidficha_siabuc: 8559. -- ficha_no_siabuc:8756 c42606d42606 001040708001aMEVIGERRbMEVIGERRcGENd2006-11-27o070.449 M717pECA9129r2024-11-26 09:06:35tEj.1w2024-11-26yBKz8559 | 11999